| 000 | 00841cam a22002777a 4500 | ||
|---|---|---|---|
| 003 | CHAP | ||
| 005 | 20220329140800.0 | ||
| 008 | 971013s1984 r 00010 d | ||
| 010 | _a57531 | ||
| 011 | _a58503 | ||
| 035 | _a62658 | ||
| 040 | _cCHAP | ||
| 082 |
_a631.41 _bS65 |
||
| 100 | 0 | 0 |
_aSposito, Garrison. _9109266 |
| 245 | 1 | 4 | _aThe surface chemistry of soils |
| 260 |
_aNew York : _bOxford University, _c1984 |
||
| 300 |
_a234 p. _b: ilus. ; gráfs. |
||
| 590 |
_aBATCH-UPD _b10 _c20130110 _lUCH01 _h1543 |
||
| 590 |
_aBATCH-UPD _b10 _c20130410 _lUCH01 _h0944 |
||
| 590 |
_aBATCH-UPD _b10 _c20130914 _lUCH01 _h2038 |
||
| 590 |
_aCONVERSION _b10 _c20130109 _lUCH01 _h1331 |
||
| 650 | 1 | 4 |
_aSuelos _xQuímica de. _9110470 |
| 901 | _aBK | ||
| 942 | _cLIBRO | ||
| 949 |
_a631.41 S65 _bBC _cLIBRO _d33724000067732 _eLIBRO _gI.125474 _h64776 _i62658 _si |
||
| 999 |
_c57531 _d57531 |
||